Referáty z konferencie "Právny štát: koncepcie a inštitúcie"

Referáty z konferencie, ktorá sa konala v dňoch 14. - 16. februára 1994 v Piešťanoch. Konferenciu "Právny štát, jeho koncepcie a inštitúcie" organizoval Ústav štátu a práva SAV.

Enregistré dans:
Détails bibliographiques
Format: Chapitre de livre
Langue:slovaque
Sujets:
Tags: Ajouter un tag
Pas de tags, Soyez le premier à ajouter un tag!

MARC

LEADER 00000naa a2200000 4500
001 r015666
005 20221205090843.0
041 0 |a slo 
044 |a SK 
245 1 0 |a Referáty z konferencie "Právny štát: koncepcie a inštitúcie" 
520 |a Referáty z konferencie, ktorá sa konala v dňoch 14. - 16. februára 1994 v Piešťanoch. Konferenciu "Právny štát, jeho koncepcie a inštitúcie" organizoval Ústav štátu a práva SAV. 
610 2 0 |a konferencie 
610 2 0 |a Piešťany 
610 2 0 |a 1994 
610 2 0 |a štát 
610 2 0 |a inštitúcia 
610 2 0 |a koncepcie 
610 2 0 |a právo ústavné